| 000 | 00623nam a2200193 a 4500 | ||
|---|---|---|---|
| 005 | 20231102063557.0 | ||
| 008 | 050621s2003 mx r 000 0 spa d | ||
| 020 | _a9702405815 | ||
| 035 | _aUPN01000145663 | ||
| 049 | _aCG | ||
| 050 | 4 |
_aHC135 _bD3.3 (PROBABLE CARGO No. SISTEMA (139479) |
|
| 100 | 1 |
_aDamm Arnal, Arturo, _d1957- _931077 |
|
| 245 | 1 | 3 |
_aLa economía mexicana : _bnadando de muertito / _cArturo Damm Arnal. |
| 260 |
_aMéxico : _bContinental, _c2003. |
||
| 300 | _av, 122 p. | ||
| 651 | 4 |
_aMéxico _xCondiciones económicas _y1994- _97891 |
|
| 651 | 4 |
_aMéxico _xPolítica económica _97138 |
|
| 905 | _aLibro | ||
| 999 |
_c117809 _d117809 |
||